Представление документа в формате RUSMARC

ПолеНазваниеЗначение
  Тип записи a
  Библиографический уровень m
001 Контрольный номер RU/IS/BASE/432640304
005 Дата корректировки 20240209174505.3
010 Индекс ISBN __
a ISBN 978-5-699-57725-5
b Уточнения в пер.
d Цена 264 р. 00 к.
9 Тираж 3 000 экз.
100 Данные общей обработки __
a Данные общей обработки 20130916d2013 ||| 0rusy0189 ca
101 Язык документа 0_
a Язык текста rus
102 Страна публикации __
a Страна публикации RU
105 Кодированные данные (монография) __
a Кодированные данные (монография) y###||||000|y
200 Заглавие и сведения об ответственности 1_
a Заглавие Облицовочные и плиточные работы. Технологии и материалы для внутренних и наружных работ
b Общее обозначение материала Текст
210 Выходные данные 1_
a Место издания Москва
c Издательство ЭКСМО
d Дата издания 2012
215 Физическое описание __
a Объем 252, [1] с.
c Иллюстрации/тип воспроизводства ил.
d Формат 24 см.
225 Серия 0_
a Серия Ремонт от А до Я
300 Общие примечания __
a Общие примечания Ограничения по возрасту - 18+
606 Тематические рубрики 0_
a Основная рубрика Отделочные работы - Справочник
610 Ключевые слова 0_
a Ключевые слова керамическая плитка
a Ключевые слова материалы облицовочные
a Ключевые слова способы укладки
a Ключевые слова плитка
686 Индексы других классификаций __
a Классификационный индекс 38.639
2 Код системы ББК
700 Автор _0
a Фамилия Галкин
b Имя (инициалы) П. А.
g Полное личное имя П. А.
701 Альтернативная интеллектуальная ответственность _0
a Фамилия Галкина
b Имя (инициалы) А. Е.
801 Источник записи _0
a Страна RU
b Организация МБУК ЦБС г. Ульяновска
c Дата составления 20130916
g Правила каталогизации RCR
801 Источник записи _1
a Страна RU
b Организация МБУК ЦБС г. Ульяновска
c Дата составления 20130916
g Правила каталогизации RCR
899 Данные о местонахождении __
i Авторский знак Г 16
j Расстановочный фильтр 38.639
901 Тип документа __
t Тип документа m
910 Корректоры записи __
a Корректор записи Скрипина